Sahel Countries on a Map - Statistics

General Stats
  • This quiz has been taken 21,579 times
    21,499 since last reset
  • The average score is 12 of 13
Answers on the Map
Answers color-coded by a green-red scale on the quiz's map according to % correct below.
 
Answer Stats
Country % Correct
Niger
99%
Chad
98%
Mali
98%
Nigeria
98%
Sudan
98%
Algeria
97%
Mauritania
96%
Senegal
96%
South Sudan
96%
Gambia
94%
Burkina Faso
93%
Eritrea
91%
Cameroon
88%
No matching quizzes found
Score Distribution
Percent of People with Each Score
Percentile by Number Answered
Your Score History
You have not taken this quiz since the last reset